000 00292nam a22001337a 4500
008 170619b xxu||||| |||| 00| 0 eng d
020 _a0393301435
041 _aeng
080 _a32
100 _a20
101 _aSHP
245 _aTHE INTEMPERTAE ZONE
_cFEINBERG.R.E
942 _2udc
_cBK
999 _c18116
_d18116